00246nam a2200097Ia 4500001000800000005001700008008004100025020001800066245004600084260001800130128679020260417164404.0260417s9999 xx 000 0 und d a9786257050494 0aBitkilerin Dünyası - Bir Dünya Bilgi bDokuz Çocuk